Egypt /

Saved in:

Main Author: Aveline, Claude, 1901-1992.

Format: Book

Language: English
French

Published: [Paris] Librairie Hachette 1955.

Series: Hachette world albums, 2

Subjects:

Tags: Add Tag

No Tags, Be the first to tag this record!

Call Number: DT55 .A852 1955

LEADER 00802cam a22002531 4500
001 ocm01189942
003 OCoLC
005 20240115085139.0
008 750226s1955 fr a 000 0 eng
010 |a  56037463  
041 1 |a eng  |h fre 
043 |a f-ua--- 
050 0 0 |a DT55  |b .A852 1955 
100 1 |a Aveline, Claude,  |d 1901-1992. 
240 1 0 |a Egypte.  |l English 
245 1 0 |a Egypt /  |c Photos. by Albert Raccah. Geographical, historical and archaeological notes by Cecile Beurdeley. 
264 1 |a [Paris]  |b Librairie Hachette  |c 1955. 
300 |a 126 pages :  |b chiefly illustrations ;  |c 22 cm. 
336 |a text  |b txt  |2 rdacontent 
337 |a unmediated  |b n  |2 rdamedia 
338 |a volume  |b nc  |2 rdacarrier 
490 0 |a Hachette world albums,  |v 2 
651 0 |a Egypt  |v Pictorial works. 
999 |c 55414  |d 55414